Noticia de hallazgos prehistóricos en tres cuevas, aún no citadas, de la Sierra de Cameros (Logroño) / (Record no. 98419)

MARC details
000 -LEADER
campo de control de longitud fija 00917nam a2200217 i 4500
001 - NÚMERO DE CONTROL
campo de control 98419
003 - IDENTIFICADOR DE NÚMERO DE CONTROL
campo de control ES-MaACL
005 - FECHA Y HORA DE LA ÚLTIMA TRANSACCIÓN
campo de control 20250905131257.0
007 - CAMPO FIJO DE DESCRIPCIÓN FÍSICA--INFORMACIÓN GENERAL
campo de control de longitud fija t|
008 - DATOS DE LONGITUD FIJA--INFORMACIÓN GENERAL
campo de control de longitud fija 050825s1915 sp ||||1| spa d
100 1# - ENTRADA PRINCIPAL--NOMBRE DE PERSONA
Nombre de persona Pan, Ismael del.
9 (RLIN) 88740
245 10 - MENCIÓN DEL TÍTULO
Título Noticia de hallazgos prehistóricos en tres cuevas, aún no citadas, de la Sierra de Cameros (Logroño) /
Mención de responsabilidad, etc. por Ismael del Pan.
260 ## - PUBLICACIÓN, DISTRIBUCIÓN, ETC.
Lugar de publicación, distribución, etc. [S.l. :
Nombre del editor, distribuidor, etc. s.n.,
Fecha de publicación, distribución, etc. 1915?]
300 ## - DESCRIPCIÓN FÍSICA
Extensión 22 p. :
Otras características físicas il. ;
Dimensiones 23 cm.
500 ## - NOTA GENERAL
Nota general Ejemplar sin portada.
500 ## - NOTA GENERAL
Nota general Contiene además en el mismo cuadernillo: La cerámica hallstiana en las cuevas de la provincia de Logroño y su ocupación en distintas épocas / por Pedro Bosch Gimpera. Instrumento neolítico de Corral de Caracuel / por Antonio Blázquez.
700 1# - ENTRADA AGREGADA--NOMBRE PERSONAL
Nombre de persona Bosch Gimpera, Pedro.
9 (RLIN) 30657
700 1# - ENTRADA AGREGADA--NOMBRE PERSONAL
Nombre de persona Cabrera, Ángel,
Fechas asociadas al nombre 1879-1960
9 (RLIN) 33276
852 ## - LOCALIZACIÓN
Ubicación ES-MaACL
Número de control de estantería 1589-F-19
Holdings
Estatus retirado Estado de pérdida Estado de daño No para préstamo Colección Biblioteca de origen Biblioteca actual Ubicación en estantería Fecha de adquisición Fuente de adquisición Total de préstamos Signatura topográfica completa Código de barras Visto por última vez Precio de reemplazo Tipo de ítem Koha
        Colección de folletos Biblioteca del Ateneo de Madrid Biblioteca del Ateneo de Madrid Depósito folletos 17/01/2008     1589-F-19 1102742 23/02/2023 23/02/2023 Folleto